000 00970cam a2200277 4500
999 _c130327
_d130327
001 824382
003 ARRUPE
005 20200207104838.0
008 700212s1969 enkabcf b 001 0 eng
010 _a 76441535
015 _aB69-23214
020 _a0246639628
040 _aDLC
_cDLC
_dDLC
041 1 _aeng
_hfre
050 0 0 _aDC239
_b.D813
082 0 0 _a940.27/0924
100 1 _aDuhamel, Jean.
_949446
245 1 4 _aThe fifty days:
_cJean Duhamel translated by R.A. Hall
_b Napoleon in England;
260 _aLondon,
_bRupert Hart-Davis,
_c1969.
300 _a141 p.
_b8 plates, illus., facsims., maps, ports.
_c23 cm.
500 _aOriginally published as Les cinquante jours de Waterloo à Plymouth. Paris, Plon, 1963.
504 _aBibliography: p. 137-138.
600 0 0 _aNapoleon
_bI,
_cEmperor of the French,
_d1769-1821
_xElba and the Hundred Days, 1814-1815.
_948976
906 _a7
_bcbc
_corignew
_du
_encip
_f19
_gy-gencatlg
942 _2lcc
_cMONOGRAPH